|
|
|
|
| LEADER |
01552nam a2200397 a 4500 |
| 001 |
5884 |
| 003 |
BD-DhAAL |
| 005 |
20220607154638.0 |
| 008 |
150129r19901989enka b 001 0 eng d |
| 999 |
|
|
|c 33531
|d 33531
|
| 010 |
|
|
|a 89000889
|
| 020 |
|
|
|a 0521370833
|
| 020 |
|
|
|a 0521379520 (pbk.)
|
| 020 |
|
|
|a 9780521379526
|
| 040 |
|
|
|a DLC
|c DLC
|d DLC
|d BD-DhAAL
|
| 050 |
0 |
0 |
|a JF1001
|b .M78 1989
|
| 082 |
0 |
0 |
|a 324
|2 19
|
| 100 |
1 |
|
|a Mueller, Dennis C.
|9 7625
|
| 245 |
1 |
0 |
|a Public choice II /
|c Dennis C. Mueller.
|
| 260 |
|
|
|a Cambridge [England] ;
|a New York :
|b Cambridge University Press,
|c 1989 [reprinted 1990].
|
| 300 |
|
|
|a xiv, 518 p. :
|b ill. ;
|c 24 cm.
|
| 500 |
|
|
|a "A revised edition of Public choice."
|
| 504 |
|
|
|a Includes bibliographical references (pages 466-504) and index.
|
| 541 |
|
|
|e 5884, 38843
|a Donated By Akbar Ali Khan
|
| 650 |
|
0 |
|a Elections.
|9 7626
|
| 650 |
|
0 |
|a Democracy.
|9 5959
|
| 650 |
|
0 |
|a Social choice.
|9 7627
|
| 650 |
|
0 |
|a Welfare economics.
|9 7628
|
| 650 |
|
0 |
|a Social sciences.
|9 49089
|
| 700 |
1 |
|
|a Mueller, Dennis C.
|t Public choice.
|9 7629
|
| 740 |
0 |
|
|a Public choice 2.
|
| 740 |
0 |
|
|a Public choice two.
|
| 852 |
|
|
|a Ayesha Abed Library
|c General Stacks
|
| 942 |
|
|
|2 ddc
|c BK
|
| 952 |
|
|
|0 0
|1 0
|2 ddc
|4 0
|6 324_000000000000000_MUE
|7 0
|9 52375
|a SCL
|b SCL
|c GEN
|d 2015-01-29
|l 1
|m 1
|o 324 MUE
|p 3020005884
|r 2022-05-15
|s 2016-05-18
|t 1
|w 2015-01-29
|y BK
|
| 952 |
|
|
|0 0
|1 0
|2 ddc
|4 0
|6 324_000000000000000_MUE
|7 1
|9 70844
|a BRACUL
|b BRACUL
|c AAKC
|d 2022-06-07
|e Donated by Akbar Ali Khan
|l 0
|o 324 MUE
|p 3010038843
|r 2022-06-07
|t 2
|w 2022-06-07
|y BK
|